书目信息 |
| 题名: |
手扶拖拉机结构原理和使用维修
|
|
| 作者: | ;浙江农业大学农机系拖拉机教研组 编 | |
| 分册: | ||
| 出版信息: | 北京 人民教育出版社 1974 |
|
| 页数: | 215页 | |
| 开本: | 20cm | |
| 丛书名: | ||
| 单 册: | ||
| 中图分类: | S219.6 | |
| 科图分类: | ||
| 主题词: | 农业--动能 , 农业--能源 | |
| 电子资源: | ||
| ISBN: | ||
| 000 | 00756nam0 2200217 450 | |
| 001 | 0654459703 | |
| 005 | 20060427151029.00 | |
| 010 | @dCNY0.54 | |
| 100 | @a20060427d1974 km y0chiy0120 ea | |
| 101 | 0 | @achi |
| 102 | @aCN@b110000 | |
| 102 | @aCN@b110000 | |
| 200 | 1 | @a手扶拖拉机结构原理和使用维修@Ashou fu tuo la ji jie gou yuan li he shi yong wei xiu@f浙江农业大学农机系拖拉机教研组编@Fzhe jiang nong ye da xue nong ji xi tuo la ji jiao yan zu bian |
| 210 | @a北京@c人民教育出版社@d1974 | |
| 215 | @a215页@d20cm | |
| 606 | 0 | @a农业@x动能 |
| 606 | 0 | @a农业@x能源 |
| 690 | @aS219.6@v3 | |
| 711 | 0 | @a浙江农业大学农机系拖拉机教研组@Azhe jiang nong ye da xue nong ji xi tuo la ji jiao yan zu@4编 |
| 801 | 0 | @aCN@bPFT@c20060427 |
| 905 | @a10447@dS219.6@e8 | |
| 手扶拖拉机结构原理和使用维修/浙江农业大学农机系拖拉机教研组编.-北京:人民教育出版社,1974 |
| 215页;20cm |
| ISBN :CNY0.54 |
| ● |
| 相关链接 |
|
|
|
|
正题名:手扶拖拉机结构原理和使用维修
索取号:S219.6/8
 
预约/预借
| 序号 | 登录号 | 条形码 | 馆藏地/架位号 | 状态 | 备注 |
| 1 | 0017370 | 000717193 | 密集书库/ [索取号:S219.6/8] | 在馆 |